| 000 | 00539nam a22001937a 4500 | ||
|---|---|---|---|
| 003 | LK-CoMWRAF | ||
| 005 | 20231002145958.0 | ||
| 008 | 231002b |||||||| |||| 00| 0 eng d | ||
| 040 |
_aLK-CoMWRAF _dLK-CoMWRAF _eLK-CoMWRAF |
||
| 041 | _aeng | ||
| 082 |
_a297 _bAKB |
||
| 100 | _aAkbar, Muhammad Ubaidul | ||
| 245 |
_aThe Orations of Muhammad : _bThe Prophet of Islam |
||
| 260 |
_aLahore : _bSh. Muhammad Ashraf, _c1978 |
||
| 300 | _aviii, 106 p. ; 19 cm. | ||
| 650 | _aMuḼammad--Prophet--Oratory | ||
| 650 | _aHadith | ||
| 942 | _cBK | ||
| 999 |
_c3771 _d3771 |
||